000 00662nam a22001937a 4500
001 BD-DhSAU 10366
003 BD-DhSAU
005 20150627120520.0
008 150625b1989 bg ||||r|||| 000 0 ben d
040 _aBD-DhSAU
082 _222
_a---
_bপ্রসঙ্গ
100 _aবিশ্বাস, নরেন
245 _aপ্রসঙ্গ :
_cনরেন বিশ্বাস
_bসাহিত্য-সংস্কৃতি /
260 _aঢাকা :
_bবাংলা একাডেমী,
_c১৯৮৯.
300 _a২৫৬ পৃ. :
_c২২ সেমি
590 _ajoy
650 _aসাহিত্য
942 _2ddc
_cBOOK
999 _c10366
_d10365